Design a 2-D Low Part Filter using Frequency Transformation Technique (Record no. 326730)

000 -LEADER
fixed length control field 00397 a2200133 4500
001 - CONTROL NUMBER
control field 91657
082 ## - DEWEY DECIMAL CLASSIFICATION NUMBER
Classification number PR 1625
090 ## - LOCALLY ASSIGNED LC-TYPE CALL NUMBER (OCLC); LOCAL CALL NUMBER (RLIN)
-- 43817
-- 43816
100 ## - MAIN ENTRY--PERSONAL NAME
Personal name Qasim Saeed; Prof Tahir M Khalid and Faraz Ahmed, Advisors
245 ## - TITLE STATEMENT
Title Design a 2-D Low Part Filter using Frequency Transformation Technique
Number of part/section of a work 51 "B" EC
260 ## - PUBLICATION, DISTRIBUTION, ETC.
Place of publication, distribution, etc. Rawalpindi
Name of publisher, distributor, etc. NUST
Date of publication, distribution, etc. 1999
300 ## - PHYSICAL DESCRIPTION
Extent 77p
500 ## - GENERAL NOTE
General note BE Project Reports
942 ## - ADDED ENTRY ELEMENTS (KOHA)
Institution code [OBSOLETE] CAE NUST
Call number prefix PR 1625
Holdings
Withdrawn status Lost status Damaged status Not for loan Collection code Permanent Location Current Location Date acquired Total Checkouts Full call number Barcode Date last seen Price effective from Koha item type
          College of Aeronautical Engineering (CAE) College of Aeronautical Engineering (CAE) 04/03/2017   PR 1625 CAEPR-1625 04/05/2017 04/05/2017 Book
© 2023 Central Library, National University of Sciences and Technology. All Rights Reserved.